01018nam a2200265 a 450000500170000000800410001704000270005804100080008508200170009311100960011024500660020626000240027230000480029665000110034465000320035565000260038765000260041365000340043965000250047370000270049894200150052594500150054099900150055595201820057020200104041600.0160129b2002 ck a gr|||| 00| 0 spa d aCO-BoIAVH cCO-BoIAVH  aspa 4a634.95bM53m2 aMemorias Encuentro sobre Desarrollo Forestal ParticipativocIbaguednoviembre 6-8, 2002nII1 aMemorias II encuentro sobre desarrollo forestal participativo aBogotábFAOc2002 a311 paginas..bilustraciones.;c27 x 21 cm  4aBosque 4aParticipación Comunitaria 4aEducación ambiental 4aEmpresas comunitarios 4aInvestigación participativo 4aIncendios forestales1 aDaza Pietro, Luz Elena cLIBRO2ddc d2007-06-08 c5579d5579 00102ddc40708GENERALIINV2017aBogotabBogotad2007-06-08eDoyle, Peter; López, Susanal0oLB-634.95 M53mp024474r2012-12-04 00:00:00tEj.1w2012-12-04xDonaciónyLIBRO